Where on Earth Is... Quiz Stats

 Plays Quiz Updated Dec 2, 2016

Support Sporcle.
Go Orange.
Score 0/40 Timer 04:00
14 Plays Today
% Correct
London
92%
New York
92%
Los Angeles
90.9%
Mississippi
90.6%
Sydney
90.1%
Nile
89.7%
Cape Town
89.7%
Sahara
89.3%
Amazon
89.3%
Rio de Janeiro
85.9%
Seoul
85.5%
Arabian
83.4%
Danube
82.6%
Yangtze
82.5%
Congo
81.9%
Manila
81.7%
Ganges
80.6%
Fuji
80.4%
Caracas
78%
Mauna Loa
75.6%
% Correct
Etna
75.5%
St. Helens
75.2%
Chihuahuan
71.4%
Yukon
70.6%
Patagonian
69.7%
Gobi
68.1%
Mekong
66.8%
Karachi
66.1%
Kalahari
62%
Krakatoa
58.8%
Ojos del Salado
58.1%
Nyiragongo
54.9%
Great Sandy
50.4%
Great Victoria
46.4%
Elbrus
45.7%
Yenisey
43.9%
Great Basin
42.5%
Karakum
40.6%
Laki
38%
Erebus
22.9%

You're not logged in!

Compare scores with friends on all Sporcle quizzes.
OR
Log In

From the Vault

Multiple Choice: Misnomers

by jong018

The people who name things have to get their acts together.
Remove Ads.
Support Sporcle.
Get the best of Sporcle when you Go Orange. This ad-free experience offers more features, more stats, and more fun while also helping to support Sporcle. Thank you for becoming a member.

Show Comments

Extras

Top Quizzes Today


Score Distribution

Your Account Isn't Verified!

In order to create a playlist on Sporcle, you need to verify the email address you used during registration. Go to your Sporcle Settings to finish the process.

Report this User

Report this user for behavior that violates our Community Guidelines.

Details: